Cambridge Certificate English <A> Course for First Certificate

Gespeichert in:
Bibliographische Detailangaben
1. Verfasser: Archer, Margaret
Weitere Verfasser: Nolan-Woods, Enid
Format: Buch
Sprache:Englisch
Veröffentlicht: Edinburgh Nelson 1977
Ausgabe:1. ed.
Tags: Tag hinzufügen
Keine Tags, Fügen Sie das erste Tag hinzu!

MARC

LEADER 00000nam a2200000 4500
001 c028301
005 20221220101436.6
041 0 |a eng 
044 |a GB 
245 1 0 |a Cambridge Certificate English  |b <A> Course for First Certificate  |c Margaret Archer, Enid Nolan-Woods 
250 |a 1. ed. 
264 1 |a Edinburgh  |b Nelson  |c 1977 
300 |a 199 s. 
100 1 |a Archer, Margaret 
700 1 |a Nolan-Woods, Enid